000 00763cab a2200265 4500
001 WB3404-17
008 090401t1998 xxu||||| |||| 00| 0 eng d
035 _a(Sirsi) u83449
041 _aeng
245 _aBid accepted
260 _c1998
350 _a0
490 _aFinancial Times
_v30 January 1998, 20
490 _aEstates Gazette
_v(9805) 31 January 1998, 51(2)
520 _aRichard Ellis has accepted a £50m bid for its UK business from US firm Insignia Financial.
650 _aINSIGNIA FINANCIAL
650 _aOVERSEAS INVESTMENT
650 _aPROPERTY ADVISERS
650 _aCBRE
650 _aSURVEYING FIRMS
650 _aUNITED STATES
690 _aPROPERTY-PROPERTY FINANCE AND INVESTMENT
942 _n0
948 _c30/01/1998
999 _c52704
_d52704